500 mẫu thư tín Pháp - Việt dùng trong đời sống hằng ngày

Sách cung cấp những kiến thức cơ bản về cách viết thư bằng tiếng pháp theo từng lĩnh vực như cuốc sống, gia đình, công việc, cuộc sống thiết thực, tiền bạc-bảo hiểm. Sách này giúp cho bạn có cách nhìn toàn cảnh về lĩnh vực thư tín tro...

Popoln opis

Shranjeno v:
Bibliografske podrobnosti
Format: Knjiga
Jezik:Undetermined
Izdano: Thành phố Hồ Chí Minh Tổng hợp Thành phố Hồ Chí Minh 2006
Teme:
Oznake: Označite
Brez oznak, prvi označite!
Thư viện lưu trữ: Trung tâm Học liệu Trường Đại học Cần Thơ
LEADER 01060nam a2200193Ia 4500
001 CTU_123546
008 210402s9999 xx 000 0 und d
020 |c 50000 
082 |a 651.75 
082 |b N114 
245 0 |a 500 mẫu thư tín Pháp - Việt dùng trong đời sống hằng ngày 
245 0 |c Lương Quỳnh Mai, Trần Thị Yến biên dịch 
260 |a Thành phố Hồ Chí Minh 
260 |b Tổng hợp Thành phố Hồ Chí Minh 
260 |c 2006 
520 |a Sách cung cấp những kiến thức cơ bản về cách viết thư bằng tiếng pháp theo từng lĩnh vực như cuốc sống, gia đình, công việc, cuộc sống thiết thực, tiền bạc-bảo hiểm. Sách này giúp cho bạn có cách nhìn toàn cảnh về lĩnh vực thư tín trong hầu hết mọi tình huống. 
650 |a Letter writing, French 
904 |i Nguyên 
980 |a Trung tâm Học liệu Trường Đại học Cần Thơ